Football League to Country - Statistics

General Stats
  • This quiz has been taken 34 times
  • The average score is 16 of 20
Answer Stats
League Country % Correct
Ligue 1 France
100%
Bundesliga Germany / Austria
100%
Serie A Italy
100%
Eredivisie Netherlands
100%
La Liga Spain
100%
MLS United States / Canada
100%
Premier League England
94%
Süper Lig Turkey
94%
Primeira Liga Portugal
90%
Allsvenskan Sweden
90%
Eliteserien Norway
87%
Jupiler Pro League Belgium
84%
A-League Australia
81%
J-League Japan
81%
Liga MX Mexico
77%
I-League India
58%
Ekstraklasa Poland
55%
Superliga Denmark
52%
Liga I Romania
35%
Botola Morocco
13%
No matching quizzes found
Score Distribution
Percent of People with Each Score
Percentile by Number Answered
Your Score History
You have not taken this quiz